000 00695nam a2200217 a 4500
001 000031518
005 20240412074255.0
008 110627s1942 dr c r 000 p spa d
040 _aDO-SdBNP
_bspa
_cBNPHU
082 _aRD861.4
_bS162e
100 1 _aSaldaña Suazo, José A.
_926628
245 1 0 _aEcos de mis ayes /
_cJosé A. Saldaña Suazo.
260 _aCuidad Trujillo, República Dominicana :
_b[s.n.],
_c1942.
300 _a[31 p.] :
_bretrs. ;
_c23 cm.
490 1 _aObras poéticas.
590 _aInventariado, 2018/LP
650 0 _aPoesía dominicana
_966
650 0 _aLiteratura dominicana.
_967
830 0 _aObras poéticas.
_957893
910 _aValidado. Control de calidad MFF
999 _c31010
_d31010